Statistiques concernant présidents de la république populaire de Chine

Cliquez ici pour prendre le quiz!

Statistiques générales

  • Ce quiz a été pris 81 fois
  • Le résultat moyen est 3 sur 7

Statistiques - réponses

dates de début de mandatdate de fin de mandatprésident% Correct
19541959mao
100%
2013-Xi Jinping
83%
20032013Hu Jintao
38%
19932003Jiang Zemin
12%
19591968Liu Shaoqi
10%
19881993Yang Shangkun
7%
19831988Li Xiannan
1%

Distribution des résultats

Percentile par nombre de réponses

% des personnes avec chaque résultat

Votre développement - résultats

Vous n’avez pas pris ce quiz